| 000 | 00535cam a2200193ua 4500 | ||
|---|---|---|---|
| 001 | 2056 | ||
| 008 | 110806n ii |||gr||||Z||||||eng | ||
| 020 | _a81-7158-280-X | ||
| 040 | _cMAIN | ||
| 082 | _a370 | ||
| 100 |
_aSharma, S. R., _q(sita ram sharma). |
||
| 245 | 1 |
_aEducation and national integration in india _cby S. R. Sharma |
|
| 250 | _a1st. | ||
| 260 |
_aNew Delhi: _bAkashdeep Publishing house,992. |
||
| 300 |
_a406p: _c23cm. |
||
| 653 | _aEducation | ||
| 653 | _aEducation and national integration in india | ||
| 942 | _cBK | ||
| 999 |
_c1927 _d1927 |
||